000 00720nam a2200217Ia 4500
005 20241129110046.0
008 241129s9999||||xx |||||||||||||| ||und||
020 _a978-1-7869-9479-0
037 _aTB
040 _aARTS
_beng
_cARTS
041 _aeng
_2eng
084 _aV6:1941(X) R2
_qARTS
100 _aCarmody Padraig Au.; Kragelund Peter Au.; Rwboredo Ricardo Au.
_9727064
245 0 _aAfrica's shadow rise: China and the mirage of African economic development
_cCarmody Padraig Au.; Kragelund Peter Au.; Rwboredo Ricardo Au.
260 _aUK
_bZed
_c2022
300 _axii,222p.
365 _aUKP
_b28.99
650 _aHistory-Africa
942 _cTB
_hV6:1941(X) R2
999 _c1227158
_d1227158